[Event "OP-2013-0-03131"]
[Site "LSS email"]
[Date "2013.11.22"]
[Round "?"]
[White "Gumenchuk, Aleksandr"]
[Black "Chmela, Zdenek"]
[Result "0-1"]
[WhiteElo "1749"]
[BlackElo "1881"]
[PlyCount "64"]
[EventDate "2013.11.20"]
[EventType "tourn (corr)"]
[EventRounds "4"]
[EventCountry "GER"]
[SourceTitle "Telechess CBM 167"]
[Source "ChessBase"]
[SourceDate "2015.07.13"]
[SourceVersion "1"]
[SourceVersionDate "2015.07.13"]
[SourceQuality "1"]

1. d4 d5 2. Nf3 Nf6 3. c4 e6 4. g3 Be7 5. Bg2 0-0 6. Ne5 c5 7. cxd5 cxd4 8. Qxd4 exd5 9. Nc3 Nc6 10. Nxc6 bxc6 11. 0-0 Re8 12. Bf4 Qb6 13. Qxb6 axb6 14. a3 Bf5 15. Rac1 h6 16. Rfd1 Bc5 17. h3 g5 18. Bd2 Kg7 19. e3 Bd3 20. Re1 Kg6 21. Ne2 Rac8 22. b4 Bd6 23. Rc3 Bc4 24. h4 Ne4 25. Rc2 f5 26. Nd4 gxh4 27. gxh4 c5 28. bxc5 bxc5 29. Nf3 Ra8 30. Ra1 Kh5 31. Bh3 Rg8+ 32. Kh1 Nxf2# 0-1

[Event "SB-2013-0-00339"]
[Site "LSS email"]
[Date "2013.11.22"]
[Round "?"]
[White "Gumenchuk, Aleksandr"]
[Black "Pott, Brian"]
[Result "0-1"]
[WhiteElo "1691"]
[BlackElo "1793"]
[PlyCount "52"]
[EventDate "2013.10.31"]
[EventType "tourn (corr)"]
[EventRounds "6"]
[EventCountry "GER"]
[SourceTitle "Corr 2015"]
[Source "ChessBase"]
[SourceDate "2015.07.17"]
[SourceVersion "1"]
[SourceVersionDate "2015.07.17"]
[SourceQuality "1"]

1. c4 Nf6 2. Nc3 g6 3. d4 Bg7 4. Nf3 0-0 5. e3 d6 6. h3 Nbd7 7. Bd3 e5 8. dxe5 dxe5 9. 0-0 c6 10. Rb1 Qc7 11. b4 Re8 12. Ne4 Nxe4 13. Bxe4 Nf6 14. Bc2 Be6 15. Bb3 Rad8 16. Qc2 Bf5 17. Qb2 Bxb1 18. Qxb1 e4 19. Nd4 Qe7 20. a3 c5 21. Ne2 cxb4 22. Ba4 bxa3 23. Bxe8 Nxe8 24. Qa2 Bf8 25. Nd4 Qb4 26. Nc2 Qa4 0-1

[Event "OP-2013-0-03131"]
[Site "LSS email"]
[Date "2013.11.22"]
[Round "?"]
[White "Lenz, Juergen"]
[Black "Gumenchuk, Aleksandr"]
[Result "1/2-1/2"]
[WhiteElo "1003"]
[BlackElo "1749"]
[PlyCount "53"]
[EventDate "2013.11.20"]
[EventType "tourn (corr)"]
[EventRounds "4"]
[EventCountry "GER"]
[SourceTitle "Telechess CBM 167"]
[Source "ChessBase"]
[SourceDate "2015.07.13"]
[SourceVersion "1"]
[SourceVersionDate "2015.07.13"]
[SourceQuality "1"]

1. d4 d5 2. Nf3 Nf6 3. Bf4 e6 4. e3 Bd6 5. Bg3 Nc6 6. c3 0-0 7. Nbd2 Qe7 8. Ne5 Nd7 9. f4 f6 10. Nxc6 bxc6 11. Bd3 f5 12. 0-0 Nf6 13. Bh4 Qf7 14. Bxf6 Qxf6 15. Nf3 c5 16. Ne5 cxd4 17. exd4 c5 18. Qe2 cxd4 19. cxd4 a6 20. Rac1 Bb7 21. Rc2 a5 22. Rfc1 Rfc8 23. Rxc8+ Rxc8 24. Rxc8+ Bxc8 25. Qd2 Qd8 26. Qc3 Qc7 27. Kf2 1/2-1/2

[Event "SA-2012-0-00252"]
[Site "LSS email"]
[Date "2012.03.18"]
[Round "?"]
[White "Gumenchuk, Aleksandr"]
[Black "Shishkin, Victor A"]
[Result "1-0"]
[WhiteElo "1877"]
[BlackElo "1868"]
[PlyCount "71"]
[EventDate "2012.02.17"]
[EventType "tourn (corr)"]
[EventRounds "6"]
[EventCountry "GER"]
[SourceTitle "Telechess CBM 165"]
[Source "ChessBase"]
[SourceDate "2015.03.11"]
[SourceVersion "1"]
[SourceVersionDate "2015.03.11"]
[SourceQuality "1"]

1. d4 d5 2. Nc3 Nf6 3. Nf3 e6 4. Bg5 Nbd7 5. e3 Be7 6. Bd3 c5 7. dxc5 Nxc5 8. Bb5+ Bd7 9. Be2 Nce4 10. Nxe4 Nxe4 11. Bxe7 Qxe7 12. 0-0 0-0 13. Rc1 Rfd8 14. Qd3 b5 15. Qd4 Bc6 16. c3 a5 17. Rfd1 Rab8 18. h3 f6 19. Qd3 Be8 20. Qb1 Bh5 21. Nd4 Bxe2 22. Nxe2 e5 23. f3 Nc5 24. Rc2 e4 25. f4 Qb7 26. b4 Nd3 27. bxa5 Ra8 28. c4 Rxa5 29. cxd5 Ra3 30. Rc4 f5 31. Nd4 Rxd5 32. Rd2 Qd7 33. Nc2 Rxa2 34. Qxa2 bxc4 35. Qxc4 h6 36. Nd4 1-0

[Event "OP-2011-0-01953"]
[Site "LSS email"]
[Date "2011.12.22"]
[Round "?"]
[White "Gumenchuk, Aleksandr"]
[Black "Verich, Oleg"]
[Result "1-0"]
[WhiteElo "1980"]
[BlackElo "1073"]
[PlyCount "57"]
[EventDate "2011.12.19"]
[EventType "tourn (corr)"]
[EventRounds "4"]
[EventCountry "GER"]
[SourceTitle "Telechess CBM 153"]
[Source "ChessBase"]
[SourceDate "2013.03.14"]
[SourceVersion "1"]
[SourceVersionDate "2013.03.14"]
[SourceQuality "1"]

1. c4 e5 2. g3 Nc6 3. Bg2 Nf6 4. Nc3 Bb4 5. a3 Bxc3 6. bxc3 0-0 7. Nf3 d6 8. d3 Ne7 9. Bg5 Ng6 10. h4 h6 11. h5 Nh8 12. Bh4 Qe7 13. Nd2 g5 14. hxg6 fxg6 15. Bxf6 Qxf6 16. Ne4 Qg7 17. Qb3 c6 18. Nxd6 Qf6 19. Ne4 Qg7 20. c5+ Nf7 21. Nd6 Qf6 22. Rb1 Be6 23. Qxb7 Nxd6 24. cxd6 Qxf2+ 25. Kd2 Qxg2 26. Rxh6 Bf7 27. Qe7 Kg7 28. Rbh1 Rh8 29. Qxe5+ 1-0

[Event "OP-2011-0-01953"]
[Site "LSS email"]
[Date "2011.12.22"]
[Round "?"]
[White "Owens, Johnny"]
[Black "Gumenchuk, Aleksandr"]
[Result "1-0"]
[WhiteElo "1912"]
[BlackElo "1980"]
[PlyCount "69"]
[EventDate "2011.12.19"]
[EventType "tourn (corr)"]
[EventRounds "4"]
[EventCountry "GER"]
[SourceTitle "Telechess CBM 153"]
[Source "ChessBase"]
[SourceDate "2013.03.14"]
[SourceVersion "1"]
[SourceVersionDate "2013.03.14"]
[SourceQuality "1"]

1. Nf3 Nf6 2. d4 e6 3. Bf4 d5 4. e3 Bd6 5. Ne5 0-0 6. Bd3 Nbd7 7. 0-0 b6 8. Qf3 Bb7 9. Nc3 a6 10. Qh3 Be7 11. Rad1 c5 12. Nxd7 Qxd7 13. dxc5 Bxc5 14. Bg5 Rfd8 15. Bxf6 gxf6 16. Nxd5 Bxd5 17. c4 f5 18. Be2 Qe7 19. cxd5 Qf6 20. dxe6 fxe6 21. b3 b5 22. a4 bxa4 23. bxa4 a5 24. Qg3+ Kh8 25. Rxd8+ Rxd8 26. Qc7 Bb4 27. g3 Rd2 28. Bf3 Kg8 29. Rc1 Rd8 30. Rc6 Re8 31. Kg2 Qe7 32. Qf4 Rd8 33. Qe5 Bd6 34. Qxa5 Rd7 35. Qb6 1-0

[Event "CP-2011-P-00017"]
[Site "LSS email"]
[Date "2011.09.30"]
[Round "?"]
[White "Kurowski, Andrzej"]
[Black "Gumenchuk, Aleksandr"]
[Result "1-0"]
[WhiteElo "2086"]
[BlackElo "1974"]
[PlyCount "87"]
[EventDate "2011.10.01"]
[EventType "tourn (corr)"]
[EventRounds "6"]
[EventCountry "GER"]
[SourceTitle "Telechess CBM 165"]
[Source "ChessBase"]
[SourceDate "2015.03.11"]
[SourceVersion "1"]
[SourceVersionDate "2015.03.11"]
[SourceQuality "1"]

1. Nf3 c5 2. c4 Nf6 3. Nc3 Nc6 4. g3 g6 5. Bg2 Bg7 6. 0-0 0-0 7. d4 cxd4 8. Nxd4 a6 9. c5 Ng4 10. e3 Nge5 11. f4 Nxd4 12. exd4 Nc4 13. b3 Na5 14. Be3 d6 15. cxd6 Qxd6 16. Rc1 Bf5 17. Qd2 Nc6 18. d5 Na7 19. Na4 Nc8 20. Nc5 Rb8 21. h3 h5 22. Qe2 Qd8 23. g4 hxg4 24. hxg4 Bd7 25. Rfe1 Bb5 26. Qd2 Nd6 27. a4 Bd7 28. Bf3 Bc8 29. Bd4 Bxd4+ 30. Qxd4 f6 31. Kg2 a5 32. Rh1 Rf7 33. Qd3 Rg7 34. Rh6 Nf7 35. Rxg6 Qf8 36. Be4 Bxg4 37. Rh1 f5 38. Bxf5 Bxf5 39. Qxf5 Rxg6+ 40. Qxg6+ Qg7 41. Qxg7+ Kxg7 42. Re1 b6 43. Nd7 Rb7 44. Rxe7 1-0

[Event "OP-2011-0-01770"]
[Site "LSS email"]
[Date "2011.09.11"]
[Round "?"]
[White "Gumenchuk, Aleksandr"]
[Black "Schalkwijk, Peter H"]
[Result "1-0"]
[WhiteElo "2004"]
[BlackElo "1389"]
[PlyCount "45"]
[EventDate "2011.09.07"]
[EventType "tourn (corr)"]
[EventRounds "4"]
[EventCountry "GER"]
[SourceTitle "Telechess CBM 157"]
[Source "ChessBase"]
[SourceDate "2013.11.12"]
[SourceVersion "1"]
[SourceVersionDate "2013.11.12"]
[SourceQuality "1"]

1. c4 e5 2. Nc3 Nc6 3. g3 g6 4. Bg2 Bg7 5. d3 d6 6. Nf3 h6 7. Bd2 Be6 8. 0-0 Nge7 9. Qc1 Qd7 10. Rb1 Bh3 11. Bxh3 Qxh3 12. b4 Bf6 13. Nd5 Nxd5 14. cxd5 Ne7 15. Qxc7 Nxd5 16. Qxb7 Nb6 17. Qc6+ Qd7 18. Rfc1 Rc8 19. Qe4 d5 20. Qe3 Qe7 21. Rxc8+ Nxc8 22. Rc1 Nb6 23. a4 1-0

[Event "OP-2011-0-01757"]
[Site "LSS email"]
[Date "2011.09.11"]
[Round "?"]
[White "Salinas, Evin"]
[Black "Gumenchuk, Aleksandr"]
[Result "0-1"]
[WhiteElo "702"]
[BlackElo "2000"]
[PlyCount "104"]
[EventDate "2011.08.31"]
[EventType "tourn (corr)"]
[EventRounds "4"]
[EventCountry "GER"]
[SourceTitle "Telechess CBM 155"]
[Source "ChessBase"]
[SourceDate "2013.07.16"]
[SourceVersion "1"]
[SourceVersionDate "2013.07.16"]
[SourceQuality "1"]

1. e4 c5 2. Bc4 e6 3. Nf3 Nc6 4. a3 Nf6 5. 0-0 d6 6. d3 h6 7. Be3 Be7 8. c3 0-0 9. Qc2 b6 10. Nbd2 Bb7 11. h3 Ne5 12. Ne1 d5 13. Ba2 Qc7 14. Rc1 Ng6 15. Qd1 dxe4 16. dxe4 Nxe4 17. Qc2 Nxd2 18. Qxd2 Rad8 19. Qe2 Nf4 20. Bxf4 Bd6 21. Bxd6 Rxd6 22. Nf3 Rfd8 23. Ne5 Rd2 24. Qh5 Rxb2 25. Bb1 Rd5 26. Qxf7+ Qxf7 27. Nxf7 Kxf7 28. Be4 Rd7 29. Bh7 Rb3 30. Rfd1 Ke7 31. Re1 Rxa3 32. Bf5 Rd6 33. c4 Kf6 34. Bg4 Bc6 35. f3 Bd7 36. f4 Rd4 37. Rf1 g6 38. Rfd1 Rad3 39. Rf1 Bc8 40. Be2 Rd2 41. Bf3 Rxf4 42. g3 Rf5 43. Be4 Rxf1+ 44. Rxf1+ Kg7 45. Rf3 Rd4 46. Bd3 Ba6 47. Re3 Rd6 48. Kf2 Kf6 49. Ke2 e5 50. Kf3 Rd4 51. Ke2 Bxc4 52. Bxc4 Rxc4 0-1

[Event "OP-2011-0-01757"]
[Site "LSS email"]
[Date "2011.09.11"]
[Round "?"]
[White "Schalkwijk, Peter H"]
[Black "Gumenchuk, Aleksandr"]
[Result "1/2-1/2"]
[WhiteElo "1397"]
[BlackElo "2000"]
[PlyCount "120"]
[EventDate "2011.08.31"]
[EventType "tourn (corr)"]
[EventRounds "4"]
[EventCountry "GER"]
[SourceTitle "Telechess CBM 155"]
[Source "ChessBase"]
[SourceDate "2013.07.16"]
[SourceVersion "1"]
[SourceVersionDate "2013.07.16"]
[SourceQuality "1"]

1. e4 c5 2. Nc3 e6 3. g3 Nc6 4. Bg2 Nf6 5. d3 h6 6. Nge2 Be7 7. 0-0 0-0 8. f4 d6 9. Kh1 Bd7 10. Be3 Qc7 11. d4 cxd4 12. Nxd4 Nxd4 13. Bxd4 e5 14. Bg1 Rac8 15. Rc1 exf4 16. gxf4 Be6 17. f5 Bd7 18. Rf3 Bc6 19. Rg3 Kh8 20. Bd4 Ne8 21. Qg4 Bg5 22. Rg1 Qe7 23. Qh3 Kg8 24. Bf3 Rc7 25. Bxa7 b5 26. Bb6 Rc8 27. a3 Rb8 28. Bd4 b4 29. Nd5 Bxd5 30. exd5 bxa3 31. bxa3 Ra8 32. Bb2 Ra4 33. Qg2 Kh8 34. Be2 Rh4 35. Bd3 Nf6 36. Bc1 Nh7 37. Bd2 Qe5 38. Be1 Bf4 39. h3 Ng5 40. Rf3 Rh5 41. Rgf1 Be3 42. h4 Re8 43. Qg4 Nxf3 44. Qxf3 g6 45. fxg6 f6 46. c4 Qg5 47. Qxf6+ Qxf6 48. Rxf6 Bd4 49. Re6 Rxe6 50. dxe6 Re5 51. Bg3 Rxe6 52. Bf5 Rf6 53. Be4 Bc5 54. a4 Rf1+ 55. Kg2 Ra1 56. Bc6 h5 57. Bd7 Kg7 58. Be8 Ra3 59. Bf4 Rd3 60. Bf7 Bb4 1/2-1/2